000 00319nam a2200145Ia 4500
008 100122s9999 xx 000 0 und d
082 _b67134
_a823
100 _aREILLY MATTHEW
245 _aSCARECROW
260 _bPAN BOOKS
_c2004
300 _a532
630 _aSCARECROW
730 _aSCARECROW
942 _cBOOK
999 _c380789
_d380786